|
|
|
|
| LEADER |
00000cam a2200000 7i4500 |
| 001 |
0000004328 |
| 005 |
20151222.0 |
| 008 |
070725 |
| 020 |
|
|
|a 1401308341
|
| 090 |
0 |
0 |
|a JF
|b ENG
|
| 100 |
1 |
|
|a Houston,Scott
|
| 245 |
1 |
0 |
|a Play piano in a flash...for kids!
|c Scott Houston
|
| 260 |
|
|
|a New York :
|b Hyperion ,
|c 2006
|
| 440 |
|
|
|a Scott "the piano guy" houston
|
| 500 |
|
|
|a Children ages 10-12 years old (pink)
|
| 650 |
|
0 |
|a Junior fiction
|x English
|
| 710 |
0 |
|
|a Title
|
| 999 |
|
|
|a 0000973367
|b Book
|c Children Collection
|e Cawangan Muar
|
| 999 |
|
|
|a 0000973368
|b Book
|c Children Collection
|e Perbadanan Perpustakaan Awam Johor
|
| 999 |
|
|
|a 0000973369
|b Book
|c Children Collection
|e Perbadanan Perpustakaan Awam Johor
|